Formula One best countries by season - Statistics

General Stats
  • This quiz has been taken 1,786 times
    197 since last reset
  • The average score is 74 of 76
Answer Stats
Year Points Country % Correct
2000 143 Germany
100%
2001 190 Germany
100%
2002 195 Germany
100%
2003 170 Germany
100%
2004 177 Germany
100%
2006 168 Germany
100%
2008 137 Germany
100%
2009 166.5 Germany
100%
2010 545 Germany
100%
2011 633 Germany
100%
2012 486 Germany
100%
2013 648 Germany
100%
2014 580 Germany
100%
2015 658 Germany
100%
2016 670 Germany
100%
1956 68 United Kingdom
100%
1957 64 United Kingdom
100%
1958 157 United Kingdom
100%
1960 72 United Kingdom
100%
1962 109 United Kingdom
100%
1963 131 United Kingdom
100%
1964 139 United Kingdom
100%
1965 164 United Kingdom
100%
1966 94 United Kingdom
100%
1967 101 United Kingdom
100%
1968 130 United Kingdom
100%
1969 111 United Kingdom
100%
1971 79 United Kingdom
100%
1972 67 United Kingdom
100%
1973 89 United Kingdom
100%
1976 99 United Kingdom
100%
1992 148 United Kingdom
100%
1994 148 United Kingdom
100%
1995 193 United Kingdom
100%
1996 138 United Kingdom
100%
1997 82 United Kingdom
100%
1998 124 United Kingdom
100%
1999 144 United Kingdom
100%
2019 462 United Kingdom
100%
2020 447 United Kingdom
100%
2021 563.5 United Kingdom
100%
2022 637 United Kingdom
100%
2023 614 United Kingdom
100%
2024 849 United Kingdom
100%
2025 939 United Kingdom
100%
1950 74 Italy
99%
1951 92 Italy
99%
1952 112.5 Italy
99%
1953 102 Italy
99%
1989 98 Italy
99%
1978 71 France
97%
1979 112 France
97%
1980 115 France
97%
1981 108 France
97%
1982 134 France
97%
1983 157 France
97%
1984 114.5 France
97%
1985 110 France
97%
1993 118 France
97%
2005 137 Spain
97%
1974 66 Brazil
96%
1975 69 Brazil
96%
1986 124 Brazil
96%
1987 134 Brazil
96%
1988 121 Brazil
96%
1990 129 Brazil
96%
1991 130.5 Brazil
96%
2007 140 Finland
92%
2017 510 Finland
92%
2018 498 Finland
92%
1959 72 United States
92%
1961 75 United States
92%
1954 93.92 Argentina
91%
1955 52 Argentina
91%
1977 72 Austria
91%
1970 56 New Zealand
66%
No matching quizzes found
Score Distribution
Percent of People with Each Score
Percentile by Number Answered
Your Score History
You have not taken this quiz since the last reset